AN INTRODUCTION TO PLASTICITY (Record no. 568604)
[ view plain ]
| 000 -LEADER | |
|---|---|
| fixed length control field | 00255nam a22001097a 4500 |
| 082 ## - DEWEY DECIMAL CLASSIFICATION NUMBER | |
| Classification number | 668.4 PRA'I |
| 100 ## - MAIN ENTRY--PERSONAL NAME | |
| Personal name | PRAGER, WILLIAM |
| 9 (RLIN) | 58403 |
| 245 ## - TITLE STATEMENT | |
| Title | AN INTRODUCTION TO PLASTICITY |
| 260 ## - PUBLICATION, DISTRIBUTION, ETC. | |
| Place of publication, distribution, etc. | LONDON |
| Name of publisher, distributor, etc. | ADDISON WESLEY |
| Date of publication, distribution, etc. | 1959 |
| 300 ## - PHYSICAL DESCRIPTION | |
| Extent | 148P |
| 942 ## - ADDED ENTRY ELEMENTS (KOHA) | |
| Koha item type | Book |
| Withdrawn status | Lost status | Damaged status | Not for loan | Permanent Location | Current Location | Shelving location | Date acquired | Total Checkouts | Full call number | Barcode | Date last seen | Price effective from | Koha item type |
|---|---|---|---|---|---|---|---|---|---|---|---|---|---|
| College of Electrical & Mechanical Engineering (CEME) | College of Electrical & Mechanical Engineering (CEME) | General Stacks | 07/17/2017 | 668.4 PRA'I | CEME-3084 | 06/28/2021 | 06/28/2021 | Book |
